00826cam a2200265 a 450000100090000000300040000900500170001300800410003001000170007102000150008804000180010304200100012104300120013105000230014308200220016624500920018825000120028026000830029230000250037544000360040050400410043665000390047765000230051670000210053914194081OSt20230629133006.0051209s2005 ke b 000 0 eng  a 2005326958 a9966958983 aDLCcDLCdDLC alcode af-ke---00aKSK470b.J833 200500a347.6762222bKIL00aJudiciary watch report :bjudicial reform in Kenya, 1/2005 /cedited by Philip Kichana. a3rd ed. aNairobi :bKenya Section of the International Commmission of Jurisits,cc2005. avi, 180 p. ;c21 cm. 0aJudiciary watch series ;vno. 3 aIncludes bibliographical references. 0aJustice, Administration ofzKenya. 0aLaw reformzKenya.1 aKichana, Philip.